| 000 | 00854nam a22001697a 4500 | ||
|---|---|---|---|
| 999 |
_c63234 _d63234 |
||
| 003 | Ge_BSU | ||
| 005 | 20250702142149.0 | ||
| 008 | 250702s1976 ge ||||| |||| 00| 0 geo d | ||
| 041 | _ageo | ||
| 080 | _a331.108.2(479.22)(09) ჩ-36 | ||
| 100 |
_aჩაჩხუნაშვილი, რ _925596 |
||
| 245 |
_aსაქართველოში ეროვნული კადრების მომზადების ისტორიიდან : 1921-1932 წწ. / _c რ. ჩაჩხუნაშვილი. |
||
| 264 |
_aთბილისი : _bსაქ. კპ ცკ-ის გამ-ბა, _c1976. |
||
| 300 |
_a112 გვ. ; _b19 სმ. |
||
| 653 | _aეროვნული კადრების მომზადების ისტორია საქართველოში. | ||
| 942 |
_2udc _cᲬᲘᲒᲜᲘ |
||